header

Monte Carlo modeling for electron microscopy and microanalysis (Record no. 107693)

MARC details
000 -LEADER
fixed length control field 01424nam a2200349Ia 4500
082 04 - DEWEY DECIMAL CLASSIFICATION NUMBER
Classification number 502/.8/25
100 1# - MAIN ENTRY--AUTHOR NAME
Personal name Joy, David C.,
245 10 - TITLE STATEMENT
Title Monte Carlo modeling for electron microscopy and microanalysis
260 ## - PUBLICATION, DISTRIBUTION, ETC. (IMPRINT)
Place of publication New York :
Name of publisher Oxford University Press,
Year of publication 1995.
300 ## - PHYSICAL DESCRIPTION
Number of Pages viii, 216 p. :
Other physical details ill.
490 1# - SERIES STATEMENT
Series statement Oxford series in optical and imaging sciences ;
650 #0 - SUBJECT ADDED ENTRY--TOPICAL TERM
Topical Term Electron microscopy
Topical Term Electron probe microanalysis
Topical Term Monte Carlo method.
856 40 - ELECTRONIC LOCATION AND ACCESS
Uniform Resource Identifier http://site.ebrary.com/lib/rucke/Doc?id=10358552

No items available.

© 2026 Rongo University
Contact us: librarian | system librarian | Rongo university